Países mais desenvolvidos de A-Z - Statistics

Estatísticas Gerais
  • Esse quiz foi jogado 83 vezes
  • A pontuação média é 17 de 23
Estatísticas das Respostas
Letra IDH País % Correto
A 0,959 Alemanha
96%
D 0,962 Dinamarca
94%
F 0,948 Finlândia
89%
B 0,951 Bélgica
87%
C 0,939 Canadá
87%
J 0,925 Japão
87%
O 0,858 Omã
87%
S 0,970 Suíça
83%
Z 0,598 Zimbabwe
83%
N 0,970 Noruega
81%
I 0,972 Islândia
77%
K 0,852 Kuwait
73%
P 0,955 Países Baixos
73%
R 0,946 Reino Unido
73%
H 0,870 Hungria
70%
T 0,853 Turquia
69%
G 0,908 Grécia
66%
U 0,862 Uruguai
64%
Q 0,720 Quirguistão
60%
V 0,766 Vietnã
51%
L 0,938 Liechtenstein
50%
E 0,940 Emirados Árabes Unidos
49%
M 0,924 Malta
49%
Nenhum quiz correspondente encontrado
Distribuição das Pontuações
Porcentagem de Pessoas com Cada Pontuação
Percentil de Números Respondidos
Sua Pontuação Histórica
Você não jogou esse quiz